| 000 | 01079nam a2200277 i 4500 | ||
|---|---|---|---|
| 001 | 93483 | ||
| 003 | ES-MaACL | ||
| 005 | 20250817063118.0 | ||
| 007 | t| | ||
| 008 | 050531s1964 sp ||||1| spa d | ||
| 080 | _a730 Rodríguez, Amador (083.82) | ||
| 100 | 1 |
_aRodríguez, Amador, _d1926-2001 _998207 |
|
| 245 | 1 | 0 |
_aAmador Rodríguez _b: [exposición, Ateneo de Barcelona, febrero de 1964, y Festivales de España 1964] / _c[Texto: Antonio Manuel Campoy]. |
| 260 |
_a[Madrid] : _bPublicaciones Españolas, _c[1964] |
||
| 300 |
_a[16] p. : _bprincipalmente il. n. ; _c28 cm. |
||
| 490 | 1 |
_aCuadernos de arte. Colección ordinaria ; _v140 |
|
| 600 | 1 | 4 |
_aRodríguez, Amador, _d1926-2001- _vExposiciones _998208 |
| 655 | 7 |
_2tgfbne _9193628 _aCatálogos de exposiciones |
|
| 700 | 1 |
_aCampoy, A. M., _d1924-1993 _934292 |
|
| 710 | 2 |
_aAteneu Barcelonès. _92060 |
|
| 710 | 2 |
_aFestivales de España. _94125 |
|
| 830 | 0 |
_aCuadernos de arte. Colección ordinaria _v140 _9180064 |
|
| 852 |
_aES-MaACL _j2194-F-14 _bR.136124 |
||
| 942 | _2udc | ||
| 999 |
_c93483 _d93483 |
||